Spracovanie ropy. Petrochémia : Anglicko-nemecko-francúzsko-rusko-slovenský slovník

Salvato in:
Dettagli Bibliografici
Autore principale: Leipnitz, Walter (xxx)
Natura: Libro
Lingua:slovacco
Pubblicazione: Bratislava : Alfa, 1980
Edizione:2.vyd.
Soggetti:
Tags: Aggiungi Tag
Nessun Tag, puoi essere il primo ad aggiungerne!!

MARC

LEADER 00000nam a22000003a 4500
001 stu42255
005 20150617225719.1
008 940223s1980----cs------------------slo-d
040 |a STU  |b slo 
041 0 |a slo 
044 |a cs 
080 |a 801.316.4=00 
080 |a 665.62/.63 
100 1 |a Leipnitz, Walter  |4 xxx 
245 1 |a Spracovanie ropy. Petrochémia :  |b Anglicko-nemecko-francúzsko-rusko-slovenský slovník 
250 |a 2.vyd. 
260 |a Bratislava :  |b Alfa,  |c 1980 
300 |a 320 s 
650 7 |a Slovníky technické viacjazyčné  |2 stusub 
650 7 |a ropa  |2 stusub 
650 7 |a spracovanie  |2 stusub 
650 7 |a petrochémia  |2 stusub 
996 |b 284M015637  |c M*797-1  |l MMKN  |s A  |a 24  |w stu42255_0001 
996 |b 284M015634  |c M*797-2  |l MMKN  |s A  |a 24  |w stu42255_0002